Seven Original Railroads Merged into Conrail - Statistics

General Stats
  • This quiz has been taken 128 times
  • The average score is 3 of 7
Answer Stats
Answer % Correct
Penn Central
98%
Reading Railroad
44%
Erie Lackawanna Railway
41%
Lehigh Valley Railroad
31%
Central Railroad of New Jersey
20%
Lehigh and Hudson River Railroad
13%
Ann Arbor Railroad
8%
No matching quizzes found
Score Distribution
Percent of People with Each Score
Percentile by Number Answered
Your Score History
You have not taken this quiz